| 000 | 00374nam a2200109Ia 4500 | ||
|---|---|---|---|
| 008 | 230907s9999||||xx |||||||||||||| ||und|| | ||
| 082 |
_a621.3 _bASH |
||
| 100 |
_aAshrae Standards _9116801 |
||
| 245 | _aASHRAE 202-2018 : STANDARD 202-2018 -- COMMISSIONING PROCESS FOR BUILDINGS AND SYSTEMS (ANSI APPROVED; IES CO-SPONSORED) | ||
| 260 |
_bASHRAE _c2019-09-13 |
||
| 942 |
_2ddc _cEB |
||
| 999 |
_c599430 _d599430 |
||